Trauermarsch aus dem Oratorium "Saul" Sarabande mit Variationen : Piano /
| Main Author: | Händel, Georg Friedrich, 1685-1759 |
|---|---|
| Language: | No linguistic content |
| Published: |
Mainz : B. Schott's Söhne, c1917 |
| Series: |
Edition Schott Einzel-Ausgabe
|
| Physical Description: |
1 partitura (5 s.) |
| LEADER | 00999ncm a22002652a 4500 | ||
|---|---|---|---|
| 001 | 001434965 | ||
| 003 | CZ BrMZK | ||
| 005 | 20141106104805.0 | ||
| 007 | qu | ||
| 008 | 020207s1917 gw ||||| |||||||||||zxx d | ||
| 040 | |a BOA001 |b cze | ||
| 072 | 7 | |a 786 |x Hudba pro klávesové nástroje |2 Konspekt |9 9 | |
| 100 | 1 | |a Händel, Georg Friedrich, |d 1685-1759 |7 jn19990003280 |4 cmp | |
| 245 | 1 | 0 | |a Trauermarsch aus dem Oratorium "Saul" |h [hudebnina] ; |b Sarabande mit Variationen : Piano / |c G.F. Händel |
| 260 | |a Mainz : |b B. Schott's Söhne, |c c1917 | ||
| 300 | |a 1 partitura (5 s.) | ||
| 490 | 1 | |a Edition Schott Einzel-Ausgabe ; |v 06678 | |
| 500 | |a Pod názvem: Leichte Klassiker-Schule. Händel | ||
| 740 | 0 | 2 | |a Sarabande mit Variationen |
| 740 | 0 | 2 | |a Leichte Klassiker-Schule. Händel |
| 830 | 0 | |a Edition Schott Einzel-Ausgabe | |
| 910 | |a BOA001 |b Mus4-0165.000,06678 | ||
| 990 | |a MU | ||
| 991 | |b 201411 | ||
| 996 | 6 | |b 2619021314 |c Mus4-0165.000,06678 |l MZK |r Sklad / do 1 hodiny |n 0 |w 001469470 |u 000010 |a 1 |e BOA001 |j MZK50 |s P | |
English
Čeština 